000 01039nac a22003017a 4500
001 BR5400158
003 BR-BrBNA
005 20240105112910.0
008 230509b bl.|||m| |||| 00| 0 por d
040 _aBR-BrBNA
_bpor
_cBiblioteca Nacional de Agricultura
072 _aF00
090 _a1800 BR5400158
100 1 _aOliveira, M.A. de
110 1 _aInstituto Agronomico do Sul, Pelotas, RS (Brasil)
_95634
111 1 _a2. Congresso Panamericano de Agronomia
_cSao Paulo, SP (Brazil)
_dMar 1954
245 1 _aTratamento de sementes de especies olericolas em fungicidas para cultivo sob condicoes de campo [Legume; Brasil]
260 3 _aPelotas, RS (Brasil):
_c1954.
300 _a23 p.
490 _aBoletim Tecnico - Instituto Agronomico do Sul (Brazil)
_vno. 11
_x
500 _a17 ref.; Summaries (En, Pt); 11 tables
650 _aLEGUME
650 _aSEMENTE
650 _aFUNGICIDA
650 _aSEMEADURA
650 _aPRATICA CULTURAL
909 _a202312
_bLúcia Elande
_c55
_dLúcia Elande
942 _2AGRIS
_n0
_cMS
999 _c260835
_d260835